Statistics in focus external trade

Na minha lista:
Detalhes bibliográficos
Formato: Periódico
Idioma:inglês
Publicado em: Luxembourg Eurostat 1998
Tags: Adicionar Tag
Sem tags, seja o primeiro a adicionar uma tag!

MARC

LEADER 00000nas2a2200000 4500
001 s122497
005 20250618103253.1
022 |a 1024-6878 
041 0 |a eng 
044 |a LU 
245 1 0 |a Statistics in focus  |b external trade 
264 1 |a Luxembourg  |b Eurostat  |c 1998 
300 |a 1 zv. 
500 |a Chýba č. 12